01163nam a2200265 i 450000100060000000300090000600500170001500700030003200800410003508000300007610000470010624501310015326000670028430000330035149000740038450000740045865000320053265000350056465100520059971000480065171000650069983000620076485200500082685200210087617720ES-MaACL20250926063044.0t|010509s1944 sp |||| | spa d a338:633.1(460)"1475/1516"1 aIbarra y Rodríguez, Eduardo, d1866-194413aEl problema cerealista en España durante el reinado de los Reyes Católicos (1475-1516) / cpor Eduardo Ibarra Rodríguez. aMadrid : bInstituto Sancho de Moncada, de Economía, c1944. aXXI, 187 p., 3 h. ; c25 cm.1 aSerie C, Historia de las doctrinas e instituciones económicas ; v1 aPrecede al tít.: Consejo Superior de Investigaciones Científicas.14aCereales-zEspaña-yS.XV.14aAgricultura-zEspaña-yS.XV. 4aEspaña-xSituación económica-y1474-1516.2 aInstituto de Economía "Sancho de Moncada"2 aConsejo Superior de Investigaciones Científicas (España)00aHistoria de las doctrinas e instituciones económicasv1 aES-MaACLjAND-5 z. - Biblioteca Juan Andrade aES-MaACLjD-6805